Ahorro fiscal y tipo de cambio real

Spremljeno u:
Bibliografski detalji
Glavni autori: Arrau P., Patricio (Autor), Quiroz, Jorge (Autor), Chumacero, Rómulo (Autor)
Autor kompanije: Programa de Postgrado en Economía ILADES-Georgetown University (Autor)
Format: Knjiga
Jezik:španjolski
Izdano: Santiago ILADES 1992
Serija:Serie Investigación. ILADES, I-44
Teme:
Oznake: Dodaj oznaku
Bez oznaka, Budi prvi tko označuje ovaj zapis!

MARC

LEADER 00000nam a2200000 a 4500
001 UCX5379
003 CL-VaPUC
008 921030e19920000CL |||||||||||||||||spa|d
082 0 4 |a 336.83  |b ARR  |2 21 
100 0 |a Arrau P., Patricio  |e author  |9 321642 
700 0 |a Quiroz, Jorge  |e author  |9 321643 
700 0 |a Chumacero, Rómulo  |e author  |9 321644 
110 2 |a Programa de Postgrado en Economía ILADES-Georgetown University  |e author  |9 321645 
245 1 0 |a Ahorro fiscal y tipo de cambio real 
300 |a 61 p 
942 |c BK 
945 |d 19921030 00:00:00 
260 |a Santiago  |b ILADES  |c 1992 
650 0 |a Ahorro e inversión  |9 318107 
650 0 |a Sociedades de certificados de valor nominal  |9 321647 
651 7 |a CHILE  |2 CL-VaPUC  |9 321648 
583 |a last modification  |c 19921030 00:00:00  |k Rodrigo Vera 
490 0 |a Serie Investigación. ILADES, I-44 
999 |c 225638  |d 225636 
952 |0 0  |1 0  |4 0  |6 336_830000000000000_ARR_1992  |7 0  |8 A  |9 223352  |a BIBENE  |b BIBENE  |d 2019-11-15  |i 2921847  |o 336.83 ARR 1992  |p 2921847  |r 2025-01-15  |w 2019-11-15  |y BK  |k ICO